Statistics for 10 Most Populated US Cities In States Beginning With 'A'

Click here to take the quiz!

General Stats

  • This quiz has been taken 25 times
  • The average score is 7 of 10

Answer Stats

PopAnswer% Correct
288121Anchorage
100%
201998Little Rock
91%
1.6 millionPhoenix
91%
543242Tucson
83%
216963Huntsville
78%
509745Mesa
74%
242753Scottsdale
65%
249630Glendale
61%
279458Chandler
52%
273136Gilbert
43%

Score Distribution

Percentile by Number Answered

Percent of People with Each Score

Your Score History

You have not taken this quiz